[Event "Girona-ch Seniors"]
[Site "Girona"]
[Date "2019.02.26"]
[Round "4.8"]
[White "Garcia Calleja, Rafael"]
[Black "Burset Camps, Guillem"]
[Result "1/2-1/2"]
[WhiteElo "1565"]
[BlackElo "1549"]
[PlyCount "89"]
[EventDate "2019.02.05"]
[EventType "swiss"]
[EventRounds "6"]
[EventCountry "ESP"]
[SourceTitle "EXT 2024"]
[Source "ChessBase"]
[SourceDate "2023.10.10"]
[SourceVersion "1"]
[SourceVersionDate "2023.10.10"]
[SourceQuality "1"]

1. e4 e6 2. Nf3 d5 3. exd5 exd5 4. d4 Be7 5. Be3 Nf6 6. Be2 0-0 7. Nbd2 Bg4 8. h3 Bf5 9. Nh4 Be6 10. Nhf3 Ne4 11. Nxe4 dxe4 12. Nd2 f5 13. Bc4 Qd6 14. Bxe6+ Qxe6 15. Bf4 Bd6 16. Bxd6 cxd6 17. 0-0 d5 18. Re1 Nd7 19. c3 Qg6 20. f4 Qg3 21. Rf1 Rf6 22. Qe1 Qd3 23. Rd1 Rg6 24. Nf3 Qa6 25. Nh4 Rf6 26. Ra1 b5 27. Qe2 Qb6 28. a3 a6 29. Qe3 Qc7 30. g3 Nb6 31. b3 Rc8 32. Rac1 g6 33. Rc2 Rc6 34. Rfc1 a5 35. Qe2 b4 36. a4 Nxa4 37. bxa4 b3 38. Rb2 Rxc3 39. Rxc3 Qxc3 40. Rb1 Qxd4+ 41. Kh1 Rc2 42. Qb5 Qd2 43. Qe8+ Kg7 44. Qe7+ Kg8 45. Qe8+ 1/2-1/2

[Event "Girona-ch Seniors"]
[Site "Santa Eugenia"]
[Date "2016.??.??"]
[Round "6.6"]
[White "Garcia Calleja, Rafael"]
[Black "Voegeli, Max"]
[Result "1/2-1/2"]
[WhiteElo "1839"]
[BlackElo "1860"]
[PlyCount "59"]
[EventDate "2016.02.02"]
[EventType "swiss"]
[EventRounds "6"]
[EventCountry "ESP"]
[SourceTitle "EXT 2024"]
[Source "ChessBase"]
[SourceDate "2023.10.10"]
[SourceVersion "1"]
[SourceVersionDate "2023.10.10"]
[SourceQuality "1"]

1. e4 d6 2. Nf3 Nf6 3. d3 e5 4. Be2 Be7 5. Be3 c6 6. Nbd2 Ng4 7. Nc4 b5 8. Ncd2 Nxe3 9. fxe3 Nd7 10. Nf1 Nf6 11. Ng3 Ng4 12. Qd2 Bg5 13. Nxg5 Qxg5 14. Bxg4 Qxg4 15. 0-0 g6 16. Qf2 Qe6 17. a3 0-0 18. Qd2 Bb7 19. Rf2 f6 20. Raf1 Rf7 21. Rf3 Rd8 22. Qa5 Ra8 23. Qd2 Raf8 24. Qf2 Bc8 25. Ne2 Qe7 26. Qg3 Rg7 27. Qh4 Rgf7 28. Nc3 Qe6 29. Qf2 Kg7 30. Qe1 1/2-1/2

[Event "Girona Province-ch Seniors"]
[Site "Girona"]
[Date "2013.02.21"]
[Round "3"]
[White "Prat Bosch, Ricard"]
[Black "Garcia Calleja, Rafael"]
[Result "1/2-1/2"]
[WhiteElo "1700"]
[BlackElo "1806"]
[PlyCount "100"]
[EventDate "2013.02.07"]
[EventType "swiss"]
[EventRounds "6"]
[EventCountry "ESP"]
[SourceTitle "EXT 2017"]
[Source "ChessBase"]
[SourceDate "2016.10.25"]
[SourceVersion "1"]
[SourceVersionDate "2016.10.25"]
[SourceQuality "1"]

1. d4 b6 2. c4 Bb7 3. Nf3 e6 4. e3 Be7 5. Be2 Nf6 6. 0-0 0-0 7. b3 d6 8. Nbd2 Nbd7 9. Bb2 Rb8 10. Qc2 h6 11. Rfe1 c5 12. Bd3 cxd4 13. exd4 Rc8 14. Rac1 Nd5 15. a3 Nf4 16. Re3 Nxd3 17. Qxd3 Nf6 18. h3 Nh5 19. Qf1 d5 20. cxd5 Rxc1 21. Qxc1 Bxd5 22. Ne5 Qa8 23. f3 Bg5 24. Rc3 Nf4 25. Qf1 Rc8 26. Ndc4 Be7 27. Bc1 Ng6 28. Qd3 Nxe5 29. Nxe5 Rxc3 30. Qxc3 Qb7 31. b4 Bd6 32. Bb2 b5 33. Ng4 Bf4 34. Ne3 Bxe3+ 35. Qxe3 Qc6 36. Qc3 Bc4 37. d5 Qb6+ 38. Qd4 Qxd4+ 39. Bxd4 Bxd5 40. Bxa7 Kf8 41. Bc5+ Ke8 42. Kf2 g6 43. g3 h5 44. h4 Kd7 45. Ke3 e5 46. Bf8 Ke6 47. g4 f5 48. g5 Bc4 49. f4 exf4+ 50. Kxf4 Kd5 1/2-1/2

[Event "Girona-chA"]
[Site "Girona"]
[Date "2004.??.??"]
[Round "2"]
[White "Garcia Calleja, Rafael"]
[Black "Mayo Casademont, Andreu"]
[Result "0-1"]
[WhiteElo "1845"]
[BlackElo "1970"]
[PlyCount "102"]
[EventDate "2004.??.??"]
[EventType "swiss"]
[EventRounds "9"]
[EventCountry "ESP"]
[SourceTitle "EXT 2007"]
[Source "ChessBase"]
[SourceDate "2006.11.23"]
[SourceVersion "1"]
[SourceVersionDate "2006.11.23"]
[SourceQuality "1"]

1. c4 b6 2. d4 Nf6 3. Nc3 Bb7 4. Nf3 e6 5. g3 Bxf3 6. exf3 d5 7. Bg2 dxc4 8. Qa4+ Nbd7 9. Qxc4 c5 10. 0-0 cxd4 11. Qxd4 Bc5 12. Qd1 0-0 13. Re1 Qe7 14. Bg5 Rfd8 15. Nd5 Qd6 16. Nxf6+ Nxf6 17. Bf4 Bxf2+ 18. Kxf2 Qc5+ 19. Be3 Rxd1 20. Bxc5 Rxa1 21. Rxa1 bxc5 22. Rd1 Kf8 23. Rd6 Rb8 24. b3 c4 25. Rc6 cxb3 26. axb3 Rxb3 27. Ra6 Rb2+ 28. Kg1 Rb7 29. h3 Ke7 30. Ra4 Kd6 31. Kf2 Kc5 32. Ra2 Rc7 33. Rc2+ Kb6 34. Rb2+ Ka5 35. Bf1 Nd5 36. f4 Nb4 37. Rb1 a6 38. g4 Ra7 39. Kf3 Ka4 40. Bc4 Ka3 41. Ra1+ Kb2 42. Ra4 a5 43. Be2 Kb3 44. Ra1 Nd5 45. Rb1+ Kc2 46. Rb8 a4 47. Rc8+ Nc3 48. Bc4 a3 49. f5 exf5 50. gxf5 Ra5 51. Rg8 Rc5 0-1